[Event "Titled Tuesday intern op 06th Oct"]
[Site "Chess.com INT"]
[Date "2020.10.06"]
[Round "3"]
[White "Garic, Radomir"]
[Black "Espinosa Veloz, Ermes"]
[Result "0-1"]
[WhiteElo "2244"]
[BlackElo "2485"]
[PlyCount "46"]
[EventDate "2020.10.06"]
[EventType "swiss (blitz)"]
[EventRounds "10"]
[EventCountry "USA"]
[SourceTitle "CBM 198 Extra"]
[Source "ChessBase"]
[SourceDate "2020.11.30"]
[SourceVersion "1"]
[SourceVersionDate "2020.11.30"]
[SourceQuality "1"]

1. e4 c6 2. d4 d5 3. Nc3 dxe4 4. Nxe4 Nf6 5. Nxf6+ exf6 6. c3 Bd6 7. Bd3 0-0 8. Qc2 h5 9. Ne2 Re8 10. Be3 Be6 11. c4 Nd7 12. 0-0-0 Nf8 13. h3 a5 14. g4 h4 15. g5 fxg5 16. Rdg1 f6 17. Nc3 a4 18. Nxa4 b5 19. Nc5 Bxc5 20. dxc5 Rxa2 21. cxb5 Bd5 22. Rh2 Ra1+ 23. Qb1 Rxb1+ 0-1

[Event "Titled Tuesday intern op 06th Oct"]
[Site "Chess.com INT"]
[Date "2020.10.06"]
[Round "4"]
[White "Srihari, LR."]
[Black "Garic, Radomir"]
[Result "1-0"]
[WhiteElo "2414"]
[BlackElo "2244"]
[PlyCount "103"]
[EventDate "2020.10.06"]
[EventType "swiss (blitz)"]
[EventRounds "10"]
[EventCountry "USA"]
[SourceTitle "CBM 198 Extra"]
[Source "ChessBase"]
[SourceDate "2020.11.30"]
[SourceVersion "1"]
[SourceVersionDate "2020.11.30"]
[SourceQuality "1"]

1. d4 Nf6 2. Bg5 Ne4 3. Bf4 c5 4. f3 Nf6 5. d5 Nh5 6. Bc1 e5 7. e4 Qh4+ 8. Ke2 d6 9. Qe1 Qd8 10. Nc3 Be7 11. g3 Na6 12. Kf2 0-0 13. Kg2 Nc7 14. a4 g6 15. Bh6 Ng7 16. Bd3 Bg5 17. Bxg5 Qxg5 18. Qc1 Qe7 19. Nge2 f5 20. h4 Nh5 21. Qg5 Qg7 22. Nb5 h6 23. Qd2 Ne8 24. b4 a6 25. Na3 b6 26. Nc4 Rb8 27. bxc5 bxc5 28. Rab1 Rxb1 29. Rxb1 f4 30. g4 Ng3 31. Nxg3 fxg3 32. Kxg3 h5 33. gxh5 Rf4 34. Rg1 Qf6 35. Kf2 Qxh4+ 36. Ke3 Qh3 37. Qg2 Qxh5 38. Qxg6+ Qxg6 39. Rxg6+ Kf7 40. Rxd6 Nxd6 41. Nxd6+ Kf6 42. Nxc8 Rh4 43. Bxa6 Rh1 44. c4 Re1+ 45. Kf2 Ra1 46. Bb5 Kg5 47. d6 Kf4 48. d7 Ra2+ 49. Ke1 Ke3 50. d8Q Rh2 51. Kd1 Rd2+ 52. Qxd2+ 1-0